000 00881cab a22002055a 4500
001 L141975
008 080117s2007 xxk f 000 0 eng d
035 _a(Sirsi) u141975
041 0 _aeng
100 1 _aThomas, Gillian
245 0 4 _aThe decline of collateral warranties?
260 _c2007
490 0 _aLovells Real Estate Quarterly
_vDecember 2007, 4-5(2)
520 _aDiscusses the introduction and the impact of the Contracts (Rights of Third Parties) Act 1999. Finds that the take up of rights by funders, purchasers and tenants under the Act has been limited. Looks at the reasons for this and asks whether there really are benefits to using the Act.
590 _aKA
650 2 4 _aCONTRACTS (RIGHTS OF THIRD PARTIES) ACT 1999
651 4 _aUnited Kingdom
_y
690 _aBUILT ENVIRONMENT-CONSTRUCTION MANAGEMENT-BUILDING CONTRACT ADMINISTRATION
942 _n0
999 _c79680
_d79680